01013cam a22002895a 4500001001000000003000400010005001700014008004100031020002500072020002200097040004000119082001900159245007200178246004200250250001200292260004800304300002100352500002400373650004400397650004200441651001000483653002100493700002700514942000800541999001700549952015700566014820971OSt20160403121349.0081030s2009 stk fr 001 0 eng d a9780007269211 (pbk.) a0007269218 (pbk.) aStDuBDSbengcStDuBDSdUkdEG-ScBUE04a428.2222bCOL00aCollins easy learning grammar & punctuation /c[editor Penny Hands]30aEasy learning grammar and punctuation a1st ed. aGlasgow :bHarperCollins Publishers,c2009. a319 p. ;c20 cm. aIndex : p. 315-319. 7aEnglish languagexGrammar.2BUEsh95501 0aEnglish languagexPunctuation.2BUEsh 2BUEsh bEEENGcApril20161 aHands, Penny,eeditor. 2ddc c21553d21525 00102ddc40708Modern A. aMAINbMAINc2NDd2016-04-03ePurchaseg84.00h229l1m23o428.2 COLp000032243r2025-07-15 00:00:00s2020-02-18v105.00yBB